000 00248nam a22001217a 4500
041 _aENG
100 _aAnwani
245 _aBanuc Engineering Draeoing
260 _aDelhi
_bDhanpat Rai & Co
_c1999
300 _a260
650 _aFMP
856 _uFMP
999 _c514
_d514